Labor statistics series. (Record no. 36857)

MARC details
000 -LEADER
fixed length control field 00966cam a22002891 4500
001 - CONTROL NUMBER
control field l 54000156
003 - CONTROL NUMBER IDENTIFIER
control field DLC
005 - DATE AND TIME OF LATEST TRANSACTION
control field 20260227111544.0
008 - FIXED-LENGTH DATA ELEMENTS--GENERAL INFORMATION
fixed length control field 800418s1954 dcua s f000 0 eng c
010 ## - LIBRARY OF CONGRESS CONTROL NUMBER
LC control number l 54000156
035 ## - SYSTEM CONTROL NUMBER
System control number (OCoLC)6218507
040 ## - CATALOGING SOURCE
Original cataloging agency U.S. Dept. of Labor. Library
Transcribing agency OCl
Modifying agency DLC
042 ## - AUTHENTICATION CODE
Authentication code premarc
050 00 - LIBRARY OF CONGRESS CALL NUMBER
Classification number HD8373
Item number .U6
110 1# - MAIN ENTRY--CORPORATE NAME
Corporate name or jurisdiction name as entry element United States.
Subordinate unit Bureau of Labor Statistics.
245 10 - TITLE STATEMENT
Title Labor statistics series.
250 ## - EDITION STATEMENT
Edition statement [Rev. as of latter 1952.
260 ## - PUBLICATION, DISTRIBUTION, ETC.
Place of publication, distribution, etc. Washington]
Date of publication, distribution, etc. 1954.
300 ## - PHYSICAL DESCRIPTION
Extent 9 v.
Other physical details illus.
Dimensions 27 cm.
500 ## - GENERAL NOTE
General note At head of title: Foreign and international labor information.
500 ## - GENERAL NOTE
General note Prepared by Marion Hayes.
500 ## - GENERAL NOTE
General note Preliminary ed. issued in June 1952.
505 0# - FORMATTED CONTENTS NOTE
Formatted contents note Belgiuim.--Denmark.--France.--Germany (West) Rev. 1953.--Italy.--Netherlands.--Norway.--Sweden.--United Kingdom.
650 #0 - SUBJECT ADDED ENTRY--TOPICAL TERM
Topical term or geographic name entry element Labor
Form subdivision Statistics.
650 #0 - SUBJECT ADDED ENTRY--TOPICAL TERM
Topical term or geographic name entry element Labor
Geographic subdivision Europe.
700 1# - ADDED ENTRY--PERSONAL NAME
Personal name Hayes, Marion,
Dates associated with a name 1897-

No items available.

Powered by Koha